| 000 | 00610nam a2200181 a 4500 | ||
|---|---|---|---|
| 008 | 120416s1971 ||||||||||||||||| || u | ||
| 020 | _a0713155973 | ||
| 050 | _aPR 2829 Sha | ||
| 100 | _aMcLauchlan, Juliet | ||
| 245 | 1 | 0 | _aShakespeare : Othello |
| 260 |
_aLondon _bEdward Arnold _c1971 |
||
| 300 | _a72 pages | ||
| 350 | _a0.00 | ||
| 650 | _aSHAKESPEARE, WILLIAM, 1564-1616 | ||
| 650 | _aBLACKS IN LITERATURE | ||
| 650 | _aMUSLIMS IN LITERATURE | ||
| 995 |
_D0.00 _FCBU-MAIN LIBRARY (Kitwe) _H1 _I1.70 _M1 _UAVAILABLE _ZAnnex Low-Usage Collection |
||
| 999 |
_c57374 _d57374 |
||